LEADER 01385nam0-22004331--450- 001 990004364280403321 005 20150126103243.0 035 $a000436428 035 $aFED01000436428 035 $a(Aleph)000436428FED01 035 $a000436428 100 $a19990604d1972----km-y0itay50------ba 101 0 $aita 102 $aIT 105 $ay-------001yy 200 1 $a<>presidenza del Consiglio dei Ministri$eil problema del coordinamento dell'amministrazione centrale in Italia$e1848-1948 210 $aMilano$cGiuffrè$d1972 215 $a493 p.$d24 cm 225 1 $aPubblicazioni dell'Istituto per la scienza dell'amministrazione pubblica$iStudi e testi$v5 676 $a342$v18$zita 700 1$aRotelli,$bEttore$f<1937- >$0140624 801 0$aIT$bUNINA$gRICA$2UNIMARC 901 $aBK 912 $a990004364280403321 952 $aDP XVII-61$b2170$fDEC 952 $aCOLLEZ. 71 (5)$b28689$fFSPBC 952 $aVI C 191 (5)$b98335$fFGBC 952 $aAL. ES. I F 200$b99290$fFGBC 952 $aVI C 191 (5 BIS)$bs.i.$fFGBC 952 $a353.03 ROT 1$bI.st.r.c.1380$fFLFBC 952 $a353.03 ROT 1 BIS$bI.st.r.c.1699$fFLFBC 952 $adono prof. Di Renzo n.64$b3259$fDDA 959 $aDEC 959 $aFLFBC 959 $aFSPBC 959 $aFGBC 959 $aDDA 996 $aPresidenza del Consiglio dei Ministri$9541018 997 $aUNINA LEADER 02763nam 22005173 450 001 9910148576803321 005 20230807210336.0 010 $a9781626819566 010 $a1626819564 010 $a9781626816138 010 $a1626816131 035 $a(CKB)2670000000612794 035 $a(MiAaPQ)EBC5503619 035 $a(Au-PeEL)EBL5503619 035 $a(CaPaEBR)ebr11603976 035 $a(OCoLC)908245056 035 $a(BIP)53518094 035 $a(EXLCZ)992670000000612794 100 $a20210901d2015 uy 0 101 0 $aeng 135 $aurcnu|||||||| 181 $ctxt$2rdacontent 182 $cc$2rdamedia 183 $acr$2rdacarrier 200 10$aKirby's Last Circus 205 $a1st ed. 210 1$aNewburyport :$cDiversion Publishing Corp.,$d2015. 210 4$d©1987. 215 $a1 online resource (174 pages) 327 $aIntro -- Kirby's Last Circus -- Copyright -- Prologue -- One -- Two -- Three -- Four -- Five -- Six -- Seven -- Eight -- Nine -- Ten -- Eleven -- Twelve -- Thirteen -- Fourteen -- Fifteen -- Sixteen -- Seventeen -- Eighteen -- Nineteen -- Twenty -- Twenty-One -- Twenty-Two -- Twenty-Three -- Twenty-Four -- Twenty-Five -- Twenty-Six -- Twenty-Seven -- Twenty-Eight -- Twenty-Nine -- Thirty -- Thirty-One -- Thirty-Two -- Thirty-Three -- Thirty-Four -- Thirty-Five -- Thirty-Six -- Thirty-Seven -- Thirty-Eight -- Thirty-Nine -- Forty -- Forty-One -- Forty-Two -- More from Ross H. Spencer -- Connect with Diversion Books. 330 $aWhen the CIA chooses Birch Kirby, a mediocre detective with a personal life even less thrilling than his professional one, no one is more surprised by the selection than Birch himself. But the Agency needs someone for a secret mission, and Birch may be just the clown for the job. Going undercover as a circus performer, he travels to Grizzly Gulch to investigate the source of daily, un-decodeable secret messages that are being transmitted to the KGB. Birch interacts with wildly colorful characters while stumbling through performances as well as his assignment. With the clock ticking, Birch must hurry to take a right step toward bringing the curtain down on this very important case." 606 $aUnited States. Central Intelligence Agency 606 $aSoviet Union. Komitet Gosudarstvennoi? Bezopasnosti 606 $aCircus performers 615 0$aUnited States. Central Intelligence Agency. 615 0$aSoviet Union. Komitet Gosudarstvennoi? Bezopasnosti. 615 0$aCircus performers. 676 $a813/.54 700 $aSpencer$b Ross H$01374208 801 0$bMiAaPQ 801 1$bMiAaPQ 801 2$bMiAaPQ 906 $aBOOK 912 $a9910148576803321 996 $aKirby's Last Circus$93407551 997 $aUNINA